Words Containing 'ARE' Quiz Stats

 Plays Quiz Updated Jan 17, 2019

     
Support Sporcle.
Go Orange.
Score 0/20 Timer 04:00
0 Plays Today
Hint Answer % Correct
The sum charged for traveling in a bus or trainfare
95.8%
A father or motherparent
91.7%
To be bold in attempting a dangerous taskdare
91.3%
To look fixedly, or vacantly, often with a wide-eyed gazestare
89.2%
A geographical regionarea
87.8%
One of the equal parts into which the capital stock of a company is dividedshare
84.2%
To flame up with a bright, wavering lightflare
83.5%
An object in the shape of a man, made out of sticks and old clothes to scare birds away from cropsscarecrow
83.5%
An enclosed area for the presentation of sports eventsarena
82.3%
A mild, semisoft white Italian cheese often used on pizzamozzarella
71.8%
Hint Answer % Correct
Not often; infrequentlyrarely
71.4%
Estimate, measure, or note the similarity or dissimilarity between two thingscompare
71.2%
A profession or occupation chosen as one's life's workcareer
70.6%
A computer program designed specifically to damage or disrupt a system, such as a virusmalware
63.5%
A town in North Israel, in Lower Galilee: the home of Jesus in his youthNazareth
58.3%
Small rolls of finely cut tobacco for smoking, enclosed in a wrapper of thin papercigarettes
53.8%
An Italian liqueur with a flavor of almondsamaretto
46.9%
A proofreading symbol (^) used to indicate where something is to be insertedcaret
45.7%
Health, happiness, prosperity, and well-being of a person or groupwelfare
38.7%
Readily seen or understood; evident; obviousapparent
34.5%

From the Vault

Non-EU NATO Members

by casper_ba

Some countries just feel like they don't belong.
Remove Ads.
Support Sporcle.
Get the best of Sporcle when you Go Orange. This ad-free experience offers more features, more stats, and more fun while also helping to support Sporcle. Thank you for becoming a member.

Show Comments

Extras

Top Quizzes Today


Score Distribution

Your Account Isn't Verified!

In order to create a playlist on Sporcle, you need to verify the email address you used during registration. Go to your Sporcle Settings to finish the process.

Report this User

Report this user for behavior that violates our Community Guidelines.

Details: